000 00570nam a2200193Ia 4500
008 101110s9999 xx 000 0 und d
041 _aENGLISH
082 _bJR766
_a332.1
100 _aSwamy Radha, Vasudevan S.V.
245 _aTextbook of Banking ( Law & Practice, Theory of Banking )
365 _b27.5
520 _aCommerce
546 _aENGLISH
630 _aTextbook of Banking ( Law & Practice, Theory of Banking )
650 _aCommerce
655 _aCommerce
730 _aTextbook of Banking ( Law & Practice, Theory of Banking )
942 _cBOOK
999 _c793500
_d793497